logo

Bir Sreshtho Munshi Abdur Rouf Library
Jhenaidah Cadet College

বাংলা ব্যাকরণ ও নির্মি র্তি-২য় পত্র একাদশ ও দ্বাদশ শ্রেণী / (Record no. 4589)

MARC details
000 -LEADER
fixed length control field 00811nam a2200205 a 4500
003 - CONTROL NUMBER IDENTIFIER
JCCL marc code BD-JhCC
005 - DATE AND TIME OF LATEST TRANSACTION
control field 20250426130535.0
008 - FIXED-LENGTH DATA ELEMENTS--GENERAL INFORMATION
fixed length control field 171128s20142024bg |||| ||a| 000 0 ben d
035 ## - SYSTEM CONTROL NUMBER
system control number (BD-JhCC)
040 ## - CATALOGING SOURCE
Original cataloging agency BD-JhCC
Modifying agency BD-JhCC
041 ## - LANGUAGE CODE
Language code of Book ben
082 ## - DEWEY DECIMAL CLASSIFICATION NUMBER
Classification number 891.445
Author mark and Year KAB 2024
100 ## - MAIN ENTRY--PERSONAL NAME
Personal name কবীর, ড. সোলায়মান
245 ## - TITLE STATEMENT
Title বাংলা ব্যাকরণ ও নির্মি র্তি-২য় পত্র একাদশ ও দ্বাদশ শ্রেণী /
Statement of responsibility, etc ড. সোলায়মান কবীর, মনিরুল মোমেন
260 ## - PUBLICATION, DISTRIBUTION, ETC. (IMPRINT)
Place of publication, distribution, etc ঢাকা :
Name of publisher, distributor, etc অক্ষরপত্র প্রকাশনী;
Date of publication, distribution, etc 2024.
300 ## - PHYSICAL DESCRIPTION
Pagination 992 p. :
Dimensions 23 cm
650 ## - SUBJECT ADDED ENTRY--TOPICAL TERM
Topical term or geographic name as entry element Bengali Language
General subdivision Grammer
942 ## - ADDED ENTRY ELEMENTS (KOHA)
Source of classification or shelving scheme Dewey Decimal Classification
Koha item type Books
Holdings
Source of classification or shelving scheme Damaged status Not for loan Home library Current library Shelving location Date of accession Cost, normal purchase price Total Checkouts Full call number Barcode Date last seen Date checked out Copy number Koha item type Checked out
Dewey Decimal Classification     JCC Rouf Library JCC Rouf Library General Stacks 11/28/2017 225.00 3 415.445 HAQ 2001 6240 12/03/2024 11/25/2024 C-1 Books  
Dewey Decimal Classification     JCC Rouf Library JCC Rouf Library General Stacks 02/10/2018 225.00 2 415.445 HAQ 2001 9727 11/27/2023 11/26/2023 C-2 Books  
Dewey Decimal Classification     JCC Rouf Library JCC Rouf Library General Stacks 03/03/2018 225.00 4 415.445 HAQ 2001 11595 12/12/2024 12/11/2024 C-3 Books  
Dewey Decimal Classification     JCC Rouf Library JCC Rouf Library General Stacks 03/11/2018 225.00 4 415.445 HAQ 2001 12357 11/24/2024 11/24/2024 C-4 Books 12/19/2024
Dewey Decimal Classification     JCC Rouf Library JCC Rouf Library General Stacks   225.00   415.445 HAQ 2001 12324 03/12/2018   C-5 Books  

JCC Library | Contacts | JCC Home

Last Update on 23 September 2017
Copyright @ 2017-2020 JCC Rouf Library
Rouf Library, Jhenidah Cadet College (JCC), Bangladesh